000 00287nam a22001217a 4500
008 180130b xxu||||| |||| 00| 0 eng d
041 _aeng
080 _a617
100 _a8
101 _aOFT
245 _aHandbook of wet age-related macular degeneration
_cHassan,T.S
942 _2udc
_cBK
999 _c41302
_d41302